| 000 | 01381cam a2200361 a 4500 | ||
|---|---|---|---|
| 001 | 1937 | ||
| 003 | FISKH | ||
| 005 | 20231019103228.0 | ||
| 008 | 930609s1994 nyuab j 000 1 eng | ||
| 010 | _a 93005315 | ||
| 020 | _a9780679885580 | ||
| 040 |
_aDLC _cDLC _dDLC _dOCoLC _dDLC _beng |
||
| 042 | _alcac | ||
| 050 | 0 | 0 |
_aPZ7.W8606 _bDc 1994 |
| 082 | 0 | 0 |
_a813 _220 |
| 100 | 1 | _aWoodruff, Elvira. | |
| 245 | 1 | 0 |
_aDear Levi : _bletters from the Overland Trail / _cby Elvira Woodruff ; illustrated by Beth Peck. |
| 250 | _aFirst Scholastic printing, November 1998 | ||
| 260 |
_aNew York : _bScholastic, _c1994. |
||
| 300 |
_a119 , 3 unnumbered pages : _billustrations ; map, ; _c20 cm. |
||
| 505 | _aZ' | ||
| 520 | _aTwelve-year-old Austin Ives writes letters to his younger brother describing his three-thousand-mile journey from their home in Pennsylvania to Oregon in 1851. | ||
| 521 | 8 |
_a1010
_bLexile |
|
| 521 | 8 |
_aZ
_bRaz-Plus |
|
| 650 | 1 |
_aOverland journeys to the Pacific _xFiction. |
|
| 650 | 1 |
_aFrontier and pioneer life _xFiction. |
|
| 650 | 1 |
_aLetters _xFiction. |
|
| 655 | 7 |
_aHistorical fiction. _2gsafd |
|
| 700 | 1 |
_aPeck, Beth, _eillustrator |
|
| 906 |
_a7 _bcbc _corignew _d1 _eocip _f19 _gy-gencatlg |
||
| 942 |
_2ddc _cBK _n0 |
||
| 999 |
_c1937 _d1937 |
||